| 000 | 00388pab a2200169 454500 | ||
|---|---|---|---|
| 008 | 180718b2008 xxu||||| |||| 00| 0 eng d | ||
| 100 | _aChattoraj, Kuntal Kanti | ||
| 245 | _aClimatic change: carbon trading | ||
| 260 | _c2008 | ||
| 300 | _ap.41-42. | ||
| 362 | _aJun | ||
| 650 | _aClimatic change | ||
| 700 | _aBhukta, Anindya | ||
| 773 | _aYojana | ||
| 908 | _aN | ||
| 909 | _a78526 | ||
| 999 |
_c78526 _d78526 |
||